Záväznosť „EIA-rozhodnutí“ v následných povoľovacích konaniach podľa stavebného zákona

Ochrana životného prostredia sa oprávnenie čoraz viac dostáva do popredia legislatívy. Zákony v tejto súvislosti ukladajú viaceré povinnosti obciam a mestám v rámci výkonu prenesenej štátnej správy ako stavebným úradom. Poukázanie na niektoré osobitosti právnej úpravy zabezpečujúcej vzájomné prepoje...

Descrizione completa

Salvato in:
Dettagli Bibliografici
Autore principale: Gallová, Jana
Natura: Capitolo di libro
Lingua:slovacco
Soggetti:
Tags: Aggiungi Tag
Nessun Tag, puoi essere il primo ad aggiungerne!!

MARC

LEADER 00000naa a2200000 4500
001 0274606
005 20210531095724.6
041 0 |a slo 
044 |a SK 
245 1 0 |a Záväznosť „EIA-rozhodnutí“ v následných povoľovacích konaniach podľa stavebného zákona  |c Jana Gallová 
520 |a Ochrana životného prostredia sa oprávnenie čoraz viac dostáva do popredia legislatívy. Zákony v tejto súvislosti ukladajú viaceré povinnosti obciam a mestám v rámci výkonu prenesenej štátnej správy ako stavebným úradom. Poukázanie na niektoré osobitosti právnej úpravy zabezpečujúcej vzájomné prepojenie podľa zákona o EIA s následnými povoľovacími konaniami uskutočňovanými stavebnými úradmi. 
610 2 0 |a ochrana prostredia životného 
610 2 0 |a úpravy právne 
610 2 0 |a správa štátna 
610 2 0 |a stavby 
610 2 0 |a zákony 
100 1 |a Gallová, Jana